000 00566nam a2200217Ia 4500
005 20250425161951.0
008 250425s9999 xx 000 0 und d
020 _a9681819861
041 _aspa
082 _a622.34
100 _aWILLS, B.A.
245 0 _aTECNOLOGIA DE PROCESAMIENTO DE MINERALES: TRATAMIENTO DE MENAS Y RECUPERACION DE MINERALES
250 _a1A ED.
260 _aMEXICO
260 _aMéxico
_bLIMUSA
_c1987
300 _a568
650 _aPROCESAMIENTO DE MINERALES
650 _aTECNOLOGIA MINERA
942 _c01
010 _a37940
999 _c219832
_d219832